000
00185 a2200097 4500
020
_a
9780451221780
041
_a
eng
100
_a
Byerrum, Ellen
245
_a
Grave Apparel
942
_c
BK
999
_c
31541
_d
31539